| 000 | 00597nam a22001695i 4500 | ||
|---|---|---|---|
| 001 | 68716 | ||
| 003 | ES-MaACL | ||
| 005 | 20230906170337.0 | ||
| 007 | t| | ||
| 008 | 960827s1873 fr ||||1| fre d | ||
| 040 |
_aCAM _bspa _cCAM |
||
| 100 | 1 |
_aGide, Paul. _956676 |
|
| 245 | 1 | 3 |
_aLa réforme hypothécaire en Prusse _b: traduction des lois du 5 mai 1872 sur le régime hypothécaire : extrait de l'Annuaire de Législation étrangére, année 1873 / _cpar Paul Gide. |
| 260 |
_aParis : _b[s.n., _c1873] ( _fImpr. Arnous de Riviére) |
||
| 300 |
_a68 p. ; _c24 cm. |
||
| 852 |
_aES-MaACL _jG-5357 |
||
| 999 |
_c68716 _d68716 |
||